| 000 | 01352nam a2200349 a 4500 | ||
|---|---|---|---|
| 001 | 000112954 | ||
| 003 | CHAP | ||
| 005 | 20220329144330.0 | ||
| 008 | 170227s2016 mx sm |||||||spa d | ||
| 010 | _a109415 | ||
| 011 | _a110387 | ||
| 040 | _cCHAP | ||
| 090 | _aTesis | ||
| 100 | 1 |
_aLuna Falfán, Francisco _9131579 |
|
| 245 | 1 | 0 |
_aAnálisis de la contaminación del aire en la Ciudad de México usando modelos geoestadísticos _h[En línea] _cpor Francisco Luna Farfán. |
| 260 |
_aChapingo, Méx. : _bEl autor, _c2016. |
||
| 500 | _aPara ver el contenido del material haga clic en la liga | ||
| 502 | _aTesis (Lic. en Estadística) -- UACH. Division de Ciencias Forestales | ||
| 590 |
_aBATCH-UPD _b05 _c20170227 _lUCH01 _h0925 |
||
| 590 |
_aBATCH-UPD _b10 _c20170301 _lUCH01 _h1050 |
||
| 590 |
_aE11695DGD _b10 _c20170301 _lUCH01 _h1050 |
||
| 590 |
_aE5765TAJ _b05 _c20170227 _lUCH01 _h0924 |
||
| 590 |
_aE5765TAJ _b05 _c20170227 _lUCH01 _h0925 |
||
| 650 | 1 | 4 |
_aAire _xContaminación _zCiudad de México. _9131580 |
| 650 | 1 | 4 |
_aDifusión atmosférica _xModelos estadísticos. _9131582 |
| 650 | 1 | 4 |
_aMonitoreo ambiental _xCiudad de México. _9131578 |
| 650 | 1 | 4 |
_aPartículas _xAspectos ambientales _xMedición. _9131581 |
| 856 |
_aFinding aid _uhttp://10.13.5.2/tesis/sist112954.pdf _zTeclea aquí |
||
| 901 | _aBK | ||
| 942 | _cTESIS | ||
| 942 | _n0 | ||
| 999 |
_c109415 _d109415 |
||